| 000 | 00481nam a2200181Ia 4500 | ||
|---|---|---|---|
| 005 | 20250508152801.0 | ||
| 008 | 008 250505s9999 xx 000 0 eng d | ||
| 037 | _aTextual | ||
| 040 |
_aFEDL _beng _cFEDL |
||
| 041 |
_aeng _2eng |
||
| 084 |
_a909.82, KIN _qFEDL |
||
| 100 | _aKing-Hall Stephen | ||
| 245 | 0 | _aOur times 1900-1960 | |
| 260 |
_aLondon, UK _bFaber and Faber _c1961 |
||
| 300 | _a352p. | ||
| 942 |
_cTEXL _h909.82, KIN |
||
| 999 |
_c1338735 _d1338735 |
||